000
00327nam a22001457a 4500
005
20160625152314.0
008
160625b xxu||||| |||| 00| 0 eng d
041
_a
eng
082
_b
10233
245
_a
Audio visual Journalism
260
_b
Surjeet
_c
2005
300
_a
358
650
_a
Mass Communication
_9
2660
942
_c
BK
999
_c
4057
_d
4056